000 00931cam a22001814a 4500
005 20250605164400.0
008 250528s ||||||||||||||||||||||||d
035 _a24553
040 _aGR-AtMCL
_bgre
_dGR-AtMCL
_eAACR2
245 1 _aΤεχνικά Υλικά.
_nΤόμος 4
260 _aΑθήνα
_bΕ.Μ. Πολυτεχνείο,
_c2001
300 _a198
520 _aΑσφαλτικά Υλικά, Πλαστικά Υλικά, Υλικά Προστατευτικών Επιστρώσεων Επιφανειών και Χρώματα, Συγκολλητικαί Ύλαι, Υλικά Πληρώσεως, Υλικά Επιστρώσεων, Προστασία Έναντι της Υγρασίας, Προστασία Έναντι του Ήχου, Φυσικοί Δομικοί Λίθοι, Φυσικό Ξύλο.
700 1 _aΚορωναίος Αιμίλιος Γ
_93592
942 _cCR
999 _c9428
_d9428